Mechanics : Problems And Solutions (Record no. 1193)

MARC details
000 -LEADER
Fixed length control field 00386nam a2200157 4500
003 - CONTROL NUMBER IDENTIFIER
Control field SEACOMEC
005 - DATE AND TIME OF LATEST TRANSACTION
Control field 20240523125206.0
008 - FIXED-LENGTH DATA ELEMENTS--GENERAL INFORMATION
Fixed length control field 240523b |||||||| |||| 00| 0 eng d
020 ## - INTERNATIONAL STANDARD BOOK NUMBER / ISBN
Price 199.00
040 ## - CATALOGING SOURCE
Original cataloging agency SEACOMEC
082 ## - DEWEY DECIMAL CLASSIFICATION NUMBER
Classification number 531
Book Number S531
100 ## - MAIN ENTRY--PERSONAL NAME
Personal name Sharma, S. P.
245 ## - TITLE STATEMENT
Title Mechanics : Problems And Solutions
Statement of responsibility S. P. Sharma,
260 ## - IMPRINT
Place of publication Delhi
Name of publisher Pearson
Date of publication 2005
942 ## - ADDED ENTRY ELEMENTS (KOHA)
Koha item type Books
Holdings
Withdrawn status Lost status Source of classification Damaged status Not for loan Home library Current library Date acquired Total Checkouts Call number Accession number Date last seen Price effective from Koha item type
    Dewey Decimal Classification     SEACOM ENGINEERING COLLEGE SEACOM ENGINEERING COLLEGE 23/05/2024   531 S531 5470 23/05/2024 23/05/2024 Books
© Seacom Engineering College, All rights reserved.      Powered by Koha